Educational guides to vacuum deposition technology /
Guardado en:
| Autor Corporativo: | |
|---|---|
| Formato: | Libro |
| Idioma: | English |
| Publicado: |
Albuquerque, NM :
SVC,
1999.
|
| Materias: | |
| Etiquetas: |
Agregar Etiqueta
Sin Etiquetas, Sea el primero en etiquetar este registro!
|
| LEADER | 00892nam a22002055a 4500 | ||
|---|---|---|---|
| 001 | EIQ.libpla003607 | ||
| 008 | 080219s1999####xx#a#####b####000#0#eng#d | ||
| 005 | 20080219155609.0 | ||
| 245 | 1 | 0 | |a Educational guides to vacuum deposition technology / |c Society of Vacuum Coaters. |
| 260 | |a Albuquerque, NM : |b SVC, |c 1999. | ||
| 300 | |a ca. 180 p. : |b il. ; |c 28 cm. | ||
| 500 | |a "This publication contains individual, stand-alone, two-page guides (or worksheets) on different aspects of equipment and technology associated whit vacuum coating". | ||
| 504 | |a Incluye referencias bibliográficas. | ||
| 650 | 4 | |a Polímeros |x Vacío. | |
| 650 | 4 | |a Tecnología de la deposición del vacío |x Guía. | |
| 650 | 4 | |a Polymers |x Vacuum. | |
| 650 | 4 | |a Vacuum deposition technology |x Guide. | |
| 040 | |a AR-BbSID |b spa |c AR-BbSID | ||
| 110 | 2 | |a Society of Vacuum Coaters. | |
| 859 | |a AR-BbSID |b BIB. PLAPIQUI |h 621.55 |i So 14 |p 5130 | ||
